Puy-de-Dôme - mort subite - Statistiques

Statistiques générales
  • Ce quiz a été pris 33 fois
  • Le résultat moyen est 10 sur 18
Answers on the Grid
Answers color-coded by a green-red scale on the quiz's grid according to % correct below.
Le plus grand volcan du monde
Le Puy-en-Velay
Calais
Des chamois
Abeokuta
Vichy
Le point culminant du Massif central
Avignon
De la neige permanente
Une mine d'étain
80 volcans
Clermont-Ferrand
Cournon-d'Auvergne
Volvic
Le siège social de Michelin
Le viaduc des Fades
Oromia
Nayarit
Le tombeau de Catherine de Médicis
Youx
Le lieu de naissance de Pascal
Lezoux
Medenine
Le volcan Pele
Damiette
Le site du concile de Clermont
Binan
Issoire
Cimetière du Père-Lachaise
Une ville qui a 2 000 ans
L'arbre le plus haut d'Europe
Montargis
Le site d'une défaite romaine
Gerzat
Riom
Pont-du-Château
 
Statistiques - réponses
Réponse % Correct
Clermont-Ferrand
90%
Clermont-Ferrand Le siège social de Michelin
85%
Issoire
75%
Riom
75%
Volvic
75%
80 volcans
65%
Cournon-d'Auvergne
65%
Puy de Sancy, 1 885 m Le point culminant du Massif central
65%
Clermont Le lieu de naissance de Pascal
60%
Clermont-Ferrand (Augustonemetum) Une ville qui a 2 000 ans
60%
Gerzat
55%
Auquel le pape Urbain II a lancé un appel à la première croisade (1095) Le site du concile de Clermont
50%
Gergovie (anciennement Merdogne), La Roche-Blanche, près de Clermont-Ferrand - victoire de Vercingétorix, 52 av. J.-C Le site d'une défaite romaine
50%
Le troisième plus grand viaduc ferroviaire au monde Le viaduc des Fades
40%
Pont-du-Château
40%
Lezoux
35%
Des chamois
30%
Youx
20%
Aucun quiz correspondant
Distribution des résultats
% des personnes avec chaque résultat
Percentile par nombre de réponses
Votre historique - résultats
Vous n’avez pas pris ce quiz